000 00878nam a2200253 a 4500
001 11037
003 CO-ViMGA
008 141112s2004 ck r 000 u spa d
020 _a9586371840
040 _aCO-ViMGA
_bspa
_cCO-ViMGA
082 0 4 _a320.986 M35r
100 1 _aApuleyo, Mendoza Plinio
_951505
245 1 0 _aLos retos de poder carta abierta a los expresidentes Colombianos
260 _aSantafé de Bogotá,
_cIntermedio Editores,
_c1991
300 _a219 p. il.
650 1 4 _aBARCO VARGAS VIRGILIO 1921 - 1997
_915243
650 1 4 _aBETANCURT BELISARIO
_915244
650 1 4 _aCOLOMBIA - Política Y GOBIERNO 1966 - 1990
_915245
650 1 4 _aLLERAS RESTREPO CARLOS 1908 - 1994
_915246
650 1 4 _aLOPEZ MICHELSEN ALFONSO 1913
_915247
650 1 4 _aPASTRANA BORRERO MISAEL 1923 - 1997
_915248
650 1 4 _aTURBAY AYALA JULIO CESAR 1916
_915249
942 _2ddc
_cBK
999 _c22253
_d22253